000 00298nam a22001217a 4500
003 SGT
082 _a080
_bA02V
100 _aवर्मा, संजय
245 _aअंतहीन आतंक
260 _bअक्षय प्रकाशन
_c2002
300 _a110
942 _2ddc
_cBK
999 _c31527
_d31527